Manufacturing policy in the electronics industry : A casebook of major production proplems
Gorde:
| Egile nagusia: | |
|---|---|
| Formatua: | Liburua |
| Hizkuntza: | Undetermined |
| Argitaratua: |
Illinois
Richard D. Irwin
1968
|
| Gaiak: | |
| Etiketak: |
Etiketa erantsi
Etiketarik gabe, Izan zaitez lehena erregistro honi etiketa jartzen!
|
| Thư viện lưu trữ: | Trung tâm Học liệu Trường Đại học Cần Thơ |
|---|
| LEADER | 00640nam a2200217Ia 4500 | ||
|---|---|---|---|
| 001 | CTU_82675 | ||
| 008 | 210402s9999 xx 000 0 und d | ||
| 082 | |a 658.5 | ||
| 082 | |b S628 | ||
| 100 | |a Scinner, Wickham | ||
| 245 | 0 | |a Manufacturing policy in the electronics industry : | |
| 245 | 2 | |b A casebook of major production proplems | |
| 245 | 0 | |c Wickham Scinner, David C. D. Rogers | |
| 260 | |a Illinois | ||
| 260 | |b Richard D. Irwin | ||
| 260 | |c 1968 | ||
| 650 | |a Electronic industries | ||
| 650 | |x Management | ||
| 650 | |z United States | ||
| 904 | |i Qhieu(sửa) | ||
| 980 | |a Trung tâm Học liệu Trường Đại học Cần Thơ | ||